000 00731nam a22002537a 4500
003 CHAP
005 20220329133754.0
008 971013s1973 r 00010 d
010 _a10647
011 _a11619
035 _a10858
040 _cCHAP
082 _a517.7
_bC4
100 0 0 _aChampeney, D. C.
_921795
245 1 0 _aFourier transforms and their physical applications
260 _aLondon. :
_bAcademic Press,
_c1973
300 _a256 p.
590 _aBATCH-UPD
_b10
_c20130110
_lUCH01
_h0044
590 _aCONVERSION
_b10
_c20130109
_lUCH01
_h1307
650 0 4 _aTransformaciones de Fourier.
_9114621
901 _aBK
942 _cLIBRO
949 _a517.7 C4
_bBC
_cLIBRO
_d33724000381976
_eLIBRO
_h35015
_i10858
_si
_t240.00
999 _c10647
_d10647